Armenian Alphabet (letter names) - Statistics

General Stats
  • This quiz has been taken 17 times
    15 since last reset
  • The average score is 11 of 40
Answer Stats
Hint Answer % Correct
Գ գ gim
67%
Բ բ ben
50%
Դ դ da
50%
Ֆ ֆ fe
50%
Ի ի ini
50%
Ն ն nu
50%
Օ օ ò
50%
Ս ս seh
50%
Ո ո vo
50%
Ե ե yech
50%
Զ զ za
50%
Ռ ռ ṙa
33%
Չ չ cha
33%
Է է eh
33%
Ը ը et
33%
Հ հ ho
33%
Կ կ ken
33%
Պ պ pe
33%
Փ փ p'yur
33%
Ր ր re
33%
Թ թ t'o
33%
Ա ա ayb
17%
Ճ ճ che
17%
Ց ց c'o
17%
Ջ ջ ǰe
17%
Լ լ lyun
17%
Մ մ men
17%
Շ շ sha
17%
Ծ ծ tsa
17%
Տ տ tyun
17%
ու u
17%
Վ վ vev
17%
Ւ ւ vyun
17%
Խ խ xe
17%
Ժ ժ že
17%
Ղ ղ ghat
0%
Յ յ hi
0%
Ձ ձ ja
0%
Ք ք k'e
0%
և yew
0%
No matching quizzes found
Score Distribution
Percent of People with Each Score
Percentile by Number Answered
Your Score History
You have not taken this quiz since the last reset